Kristallkugelgewinner Im Alpinen Skiweltcup - Statistiken

Allgemein
  • Dieses Quiz wurde 654 mal gespielt
    42 seit der letzten Aktualisierung
  • Das Durchschnittsergebnis liegt bei 29 aus 92
Antwortstatistiken
Racer % Korrekt
Marcel Hirscher
91%
Marco Odermatt
91%
Aleksander Aamodt Kilde
76%
Lucas Pinheiro Braathen
76%
Dominik Paris
73%
Beat Feuz
70%
Henrik Kristoffersen
70%
Atle Lie McGrath
67%
Aksel Lund Svindal
64%
Hermann Maier
64%
Alberto Tomba
61%
Manuel Feller
61%
Alexis Pinturault
58%
Bode Miller
58%
Ingemar Stenmark
58%
Christian Mayer
52%
Didier Cuche
52%
Kjetil André Aamodt
52%
Franz Klammer
48%
Kjetil Jansrud
48%
Marco Schwarz
48%
Vincent Kriechmayr
48%
Ivica Kostelić
45%
Stephan Eberharter
45%
Carlo Janka
42%
Pirmin Zurbriggen
42%
Benjamin Raich
39%
Jean-Claude Killy
39%
Loïc Meillard
39%
Luc Alphand
39%
Marc Girardelli
39%
Alfred Matt
36%
Hannes Reichelt
36%
Lasse Kjus
36%
Markus Wasmeier
36%
Phil Mahre
36%
Gustav Thöni
33%
Bernhard Russi
30%
Paul Accola
30%
Peter Fill
30%
Peter Müller
30%
Ted Ligety
30%
André Myhrer
27%
Karl Schranz
27%
Thomas Stangassinger
27%
Werner Franz
27%
Andreas Wenzel
24%
Hansi Hinterseer
24%
Jean-Baptiste Grange
24%
Michael Walchhofer
24%
Piero Gros
24%
Rainer Schönfelder
24%
Thomas Sykora
24%
Armin Bittner
21%
Franz Heinzer
21%
Heini Hemmi
21%
Mauro Caviezel
21%
Michael von Grünigen
21%
Peter Wirnsberger
21%
Roland Collombin
21%
Christian Hirschbühl
18%
Helmut Höflehner
18%
Hubert Strolz
18%
Sébastien Amiez
18%
Steve Podborski
18%
Andreas Schifferer
15%
Erik Guay
15%
Günther Mader
15%
Harti Weirather
15%
Joël Gaspoz
15%
Klaus Kröll
15%
Peter Lüscher
15%
Reinfried Herbst
15%
Bojan Križaj
12%
Manfred Mölgg
12%
Rok Petrovič
12%
Thomas Fogdö
12%
Urs Räber
12%
Atle Skårdal
9%
Dumeng Giovanoli
9%
Frédéric Covili
9%
Gerhard Nenning
9%
Giorgio Rocca
9%
Jan Einar Thorsen
9%
Kalle Palander
9%
Karl Cordin
9%
Patrick Russel
9%
Peter Runggaldier
9%
Walter Tresch
9%
Alain Penz
6%
Jean-Noël Augert
6%
Ole Kristian Furuseth
6%
Keine übereinstimmenden Quizze gefunden
Verteilung der Resultate
Anzahl Personen mit jedem Resultat
Perzentil nach korrekt beantworteten Fragen
Ihre Resultats-Entwicklung
Sie haben dieses Quiz seit der letzten Aktualisierung nicht gespielt